Women in state law enforcement: An exploratory trend analysis (Record no. 520672)

000 -LEADER
fixed length control field 01425nam a22001577a 4500
008 - FIXED-LENGTH DATA ELEMENTS--GENERAL INFORMATION
fixed length control field 220930b ||||| |||| 00| 0 eng d
100 ## - MAIN ENTRY--PERSONAL NAME
Personal name YuLink, Helen H. and Viswanath, Shilpa
245 ## - TITLE STATEMENT
Title Women in state law enforcement: An exploratory trend analysis
260 ## - PUBLICATION, DISTRIBUTION, ETC. (IMPRINT)
Place of publication, distribution, etc American Review of Public Administration
300 ## - PHYSICAL DESCRIPTION
Extent 52(4), May, 2022: p.268-279
520 ## - SUMMARY, ETC.
Summary, etc Gender diversity in policing has never been more important than it is today. However, women in state law enforcement are the least noticeable and most underrepresented of all women in policing. Using data from the Law Enforcement Management and Administrative Statistics (LEMAS) surveys, this study examines gender diversity across the 49 primary state law enforcement agencies in the United States between 2000 and 2016. Although representation varies broadly across the states, the findings are mostly negative and suggest that women in state law enforcement have remained stagnant over the past two decades with very little improvement. This is important because scholarship must continue to bring attention to the underrepresentation of women in law enforcement, regardless of intergovernmental level, and monitor its progress. – Reproduced
650 ## - SUBJECT ADDED ENTRY--TOPICAL TERM
Topical term or geographic name as entry element Women, State law enforcement, Representative bureaucracy, passive representation.
9 (RLIN) 33530
773 ## - HOST ITEM ENTRY
Main entry heading American Review of Public Administration
906 ## - LOCAL DATA ELEMENT F, LDF (RLIN)
Subject DIP WOMEN
942 ## - ADDED ENTRY ELEMENTS (KOHA)
Item type Articles
Holdings
Withdrawn status Lost status Source of classification or shelving scheme Damaged status Not for loan Permanent location Current location Date acquired Serial Enumeration / chronology Barcode Date last seen Koha item type
          Indian Institute of Public Administration Indian Institute of Public Administration 2022-09-30 52(4), May, 2022: p.268-279 AR127255 2022-09-30 Articles

Powered by Koha